00582nam a22001937a 4500003000500000020001800005038001200023082001600035100002800051245004700079250001100126260005200137300002300189500001500212563001500227942001200242999001700254952011700271NUST a9788177584837 akhadija a004.21bHEU aVenkatesh, G. T.981602 acomputer systems design and architecture / a2nd ed aNew Delhi : Size: bDorling kindersleyc2013. a1004 p : ,b25 cm. aPaperback. apaper back cBK2ddc c33593d33593 00102ddc4070aSMMEbSMMEcGENd2016-05-09o004.21 HEUpSMME-2683r2018-04-05w2016-05-09yBKzRack,50-Shelf,3